000 00540cam a22002171 4500
001 sa 64004446
003 DLC
005 20260227112024.0
008 920127s1962 ii 000 0 tamo
010 _asa 64004446
035 _a(OCoLC)25172560
040 _aDLC
_cWaU
_dDLC
042 _apremarc
050 0 0 _aPL4758.9.I4
_bC54
100 0 _aCentur̲aimuttu.
245 1 0 _aIḷaṅkōvin̲ uḷḷam.
260 _c[1962]
300 _a72 p.
_c19 cm.
500 _aIn Tamil.
600 0 0 _aIḷaṅkōvaṭikaḷ.
_tCilappatikāram.
999 _c58503
_d58503